| 000 | 00608nam a2200229Ia 4500 | ||
|---|---|---|---|
| 003 | 0100 | ||
| 008 | 130303s9999 xx 000 0 und d | ||
| 040 | _cARRUPELIB | ||
| 050 | _aBJ1031.B27 1997 | ||
| 100 | _aBaron, Marcia W. ; Pettit, Philip | ||
| 245 | _aThree methods of ethics | ||
| 245 | _ba debate | ||
| 260 | _aMassachusetts | ||
| 260 | _bBlackwell Publishers | ||
| 260 | _C1997 | ||
| 300 | _avi | ||
| 300 | _b 285p. 26cm. | ||
| 650 | _bAIDS (Disease)--Zimbabwe--Chirumanzu district | ||
| 650 | _cPoverty--Zimbabwe--Chirumanzu district | ||
| 700 | _aSlote, Michael | ||
| 942 |
_2lcc _02 |
||
| 999 |
_c63829 _d63829 |
||